UM Logo

Digital signal processing / (Record no. 17648)

MARC details
000 -LEADER
fixed length control field 00645nam a2200181 4500
008 - FIXED-LENGTH DATA ELEMENTS--GENERAL INFORMATION
fixed length control field 221119b ||||| |||| 00| 0 eng d
020 ## - INTERNATIONAL STANDARD BOOK NUMBER
International Standard Book Number 9789354600296
082 ## - DEWEY DECIMAL CLASSIFICATION NUMBER
Edition number 2021
Classification number DC 621.3822
Item number Es11
100 ## - MAIN ENTRY--PERSONAL NAME
Personal name Esakkirajan, S.
9 (RLIN) 46873
245 ## - TITLE STATEMENT
Title Digital signal processing /
Statement of responsibility, etc. S. Esakkirajan, T. Veerakumar and Badri N. Subudhi.
260 ## - PUBLICATION, DISTRIBUTION, ETC. (IMPRINT)
Place of publication, distribution, etc. Chennai :
Name of publisher, distributor, etc. McGraw Hill,
Date of publication, distribution, etc. ©2021.
300 ## - PHYSICAL DESCRIPTION
Extent xix, 1123 pages :
Other physical details illustrations ;
Dimensions 24 cm.
500 ## - GENERAL NOTE
General note Includes index.
650 ## - SUBJECT ADDED ENTRY--TOPICAL TERM
Topical term or geographic name as entry element Signal processing
General subdivision Digital techniques.
9 (RLIN) 46874
700 ## - ADDED ENTRY--PERSONAL NAME
Personal name Veerakumar, T.
Relator term author.
9 (RLIN) 46875
700 ## - ADDED ENTRY--PERSONAL NAME
Personal name Subudhi, Badri N.
Relator term author.
9 (RLIN) 46876
942 ## - ADDED ENTRY ELEMENTS (KOHA)
Source of classification or shelving scheme Dewey Decimal Classification
Koha item type Circulation
Holdings
Withdrawn status Lost status Source of classification or shelving scheme Damaged status Not for loan Collection code Home library Current library Date acquired Source of acquisition Cost, normal purchase price Total Checkouts Full call number Barcode Date last seen Price effective from Koha item type
    Dewey Decimal Classification     Circulation UM Digos College - LIC UM Digos College - LIC 08/16/2022 Purchased 3810.00   DC 621.3822 Es11 2021 27187 05/15/2025 11/19/2022 Circulation